Statistics for Countries of Oceania by Proximity

Click here to take the quiz!

General Stats

  • This quiz has been taken 940 times
  • The average score is 13 of 14

Answers on the Map

Answers color-coded by a green-red scale on the quiz's map according to % correct below.
 

Answer Stats

Country% Correct
Papua New Guinea
99%
Solomon Islands
99%
Australia
97%
Kiribati
96%
Fiji
95%
Tuvalu
95%
Fed. States of Micronesia
94%
Nauru
93%
Tonga
91%
Marshall Islands
87%
Samoa
85%
Vanuatu
85%
New Zealand
80%
Palau
80%

Score Distribution

Percentile by Number Answered

Percent of People with Each Score

Your Score History

You have not taken this quiz